Normal view
MARC view
- Worthen, William B.,
Entry Personal Name
001 - CONTROL NUMBER
- control field: 39764
003 - CONTROL NUMBER IDENTIFIER
- control field: OSt
005 - DATE AND TIME OF LATEST TRANSACTION
- control field: 20160404115206.0
008 - FIXED-LENGTH DATA ELEMENTS
- fixed length control field: 160404|| aca||aabn | a|a d
040 ## - CATALOGING SOURCE
- Original cataloging agency: OSt
100 10 - HEADING--PERSONAL NAME
- Personal name: Worthen, William B.,
- Dates associated with a name: 1955-
400 10 - SEE FROM TRACING--PERSONAL NAME
- Personal name: Worthen, W. B.
- Fuller form of name: (William B.),
- Dates associated with a name: 1955-